00657nam a2200205Ia 4500003000900000008004100009020001800050040001600068080001600084100001700100245011000117260003400227300001600261490006100277650000900338650002300347650003600370650002900406650001600435IN-BaIIA211028s9999 xx 000 0 eng d a1-85233-099-6 cIIA Library a523.34bHAR aHarland, D M 0aExploring the moonbthe Apollo expeditionscD. M. Harland  aLondonbSpringer-Verlagc1999 axxxi, 411p. aSpringer - Praxis series in space science and technology aLune aMoon - exploration aProject Apollo (U.S.) - history aSpace flight to the moon aVol spatial